000 00429nam a2200157Ia 4500
008 210210b1961 xxu||||| |||| 00| 0 eng d
082 _a822.009 MULS
100 _aMULLIK (B R).
245 _aStudies in dramatists: Beaumont and Fletcher. Vol xiv.
260 _aDelhi.
_bS. Chand & Co. Ltd.
_c1961
300 _aii,44
440 _axiv
650 _aBeaumont, Fletcher Dramatist
690 _aEnglish Dram
906 _a03154
999 _c82792
_d82792